| 000 | 00699nam a2200241 a 4500 | ||
|---|---|---|---|
| 008 | |||
| 020 | _a0256065101 (cased) | ||
| 049 | _aMAIN | ||
| 090 |
_aHD30.27 _bWIL |
||
| 100 | 1 | _aWilson J. Holton. | |
| 245 | 1 | 0 |
_aBusiness forecasting / _cJ. Holton Wilson, Barry Keating. |
| 260 |
_aHomewood,IL. : _bIrwin, _c1990. |
||
| 300 |
_axiii, 386 p. : _bill. ; _c25 cm. |
||
| 504 | _aIncludes bibliographical references. | ||
| 500 | _aIncludes index. | ||
| 650 | 0 | _aBusiness forecasting. | |
| 700 | 1 | _aKeating, Barry. | |
| 907 |
_a.b10081355 _b16-04-12 _c10-07-03 |
||
| 003 | |||
| 005 | 20230123133328.0 | ||
| 040 | _cNUST | ||
| 942 |
_cBOOKS _kHD30.27 _mWIL |
||
| 999 |
_c146711 _d146711 |
||